Nicaragua: crecimiento industrial y desempleo /
שמור ב:
| מחבר ראשי: | |
|---|---|
| מחברים אחרים: | |
| פורמט: | Texto |
| יצא לאור: |
Nicaragua :
|
| תגים: |
הוספת תג
אין תגיות, היה/י הראשונ/ה לתייג את הרשומה!
|
MARC
| LEADER | 00000 a a2200000 04500 | ||
|---|---|---|---|
| 001 | 16832 | ||
| 003 | |||
| 040 | |||
| 090 | |a 010400 | ||
| 100 | |a Chamorro, Carlos Fernando | ||
| 245 | |a Nicaragua: crecimiento industrial y desempleo / |c Carlos Fernando Chamorro | ||
| 260 | |a Nicaragua : | ||
| 300 | |a 67 p. | ||
| 700 | |a Franco, Mario A. de | ||
| 999 | |c 11677 |d 11677 | ||
